000 00669nam a2200229Ia 4500
003 OSt
005 20220926002510.0
006 a|||||r|||| 00| 0
007 ta
008 220923b |||||||| |||| 00| 0 eng d
037 _cGeneral Book
040 _aRTL
_cRTL
_beng
041 _2eng
_aeng
082 _aT,b.2t4.N63, K3/GD
110 _aCENTRAL INSTITUTE OF EDUCATION.
_9305964
245 0 _aSurvey of teacher education in India.
260 _a New Delhi
_bN.C.E.R.T. India
_c1963
300 _a23p.
_ccm.
700 _aCENTRAL INSTITUTE OF EDUCATION.
_9305965
942 _hT,b.2t4.N63, K3/GD
_cGB
_2CC
999 _c605240
_d605240